000 03952nam a22004217a 4500
005 20100505120759.0
010 _aB-417911-927
020 _a9788131511107
_c350.00
020 _a8131511103
_c350.00
035 _aB-417911-927
037 _bAsian Book Centre
082 _a519.2
100 _aMendenhall, William
_923604
245 _aProbability and statistics /
_cby William Mendenhall ... [et.al]
260 _aNew Delhi
_bCengage Learning
_c2009
270 _a418 F.I. E. Patparganj
_bNew Delhi
_e110092
300 _a591p.:
_c26 cm. (Pbk)
_eillu.
500 _aincludes index
942 _2ddc
_cEN
_mMEN
_h519.2
999 _c35700
_d35700